Normal view
MARC view
Entry Personal Name
001 - CONTROL NUMBER
- control field: 14907
003 - CONTROL NUMBER IDENTIFIER
- control field: OSt
005 - DATE AND TIME OF LATEST TRANSACTION
- control field: 20240530102928.0
008 - FIXED-LENGTH DATA ELEMENTS
- fixed length control field: 240530|| aca||aabn | a|a d
040 ## - CATALOGING SOURCE
- Original cataloging agency: OSt
- Transcribing agency: OSt
100 ## - HEADING--PERSONAL NAME
- Personal name: Miya, Shah Aladin
670 ## - SOURCE DATA FOUND
- Source citation: Work cat.: (OSt)39303: Miya, Shah Aladin, Nushk Gul Gul, 1960.


